Normal view MARC view

Entry Personal Name

Number of records used in: 1

001 - CONTROL NUMBER

  • control field: 50234

003 - CONTROL NUMBER IDENTIFIER

  • control field: OSt

005 - DATE AND TIME OF LATEST TRANSACTION

  • control field: 20250120165006.0

008 - FIXED-LENGTH DATA ELEMENTS

  • fixed length control field: 250120|| aca||aabn | a|a d

040 ## - CATALOGING SOURCE

  • Original cataloging agency: OSt
  • Transcribing agency: OSt

100 ## - HEADING--PERSONAL NAME

  • Personal name: Satyam, Swastika

670 ## - SOURCE DATA FOUND

  • Source citation: Work cat.: (OSt)525467: Satyam, Swastika , Determinants of child malnourishment in Bihar: Evidence from NFHS-4, 2015-16

Powered by Koha